[Event "NAYCC U16"]
[Site "Kingston CAN"]
[Date "2019.08.19"]
[Round "8.169"]
[White "Liao, Joseph"]
[Black "Ning, Alwin"]
[Result "1-0"]
[WhiteElo "1694"]
[BlackElo "1476"]
[PlyCount "67"]
[EventDate "2019.08.16"]
[EventType "swiss"]
[EventRounds "9"]
[EventCountry "CAN"]

1. e4 e5 2. Nf3 Nc6 3. Bb5 a6 4. Ba4 Nf6 5. Qe2 b5 6. Bb3 Bc5 7. c3 O-O 8. O-O
d6 9. h3 h6 10. Rd1 Re8 11. d3 Bb7 12. Nbd2 Bb6 13. Nf1 d5 14. Ng3 d4 15. Nf5
Bc8 16. N3h4 Ne7 17. g4 Nxf5 18. gxf5 dxc3 19. bxc3 Bb7 20. Kh2 Nxe4 21. Bxf7+
Kxf7 22. Qh5+ Kg8 23. dxe4 Qf6 24. Rg1 Bxf2 25. Bxh6 Bxg1+ 26. Rxg1 Re7 27. Rg6
Qf8 28. f6 Rd7 29. Bxg7 Rd2+ 30. Ng2 Qe8 31. Bf8+ Kxf8 32. Qh8+ Kf7 33. Qg7+
Ke6 34. f7+ 1-0

[Event "NAYCC U16"]
[Site "Kingston CAN"]
[Date "2019.08.19"]
[Round "8.170"]
[White "Kochetkov, Maxim"]
[Black "Jeyakumar, Yathushan"]
[Result "1/2-1/2"]
[WhiteElo "1416"]
[BlackElo "1442"]
[PlyCount "64"]
[EventDate "2019.08.16"]
[EventType "swiss"]
[EventRounds "9"]
[EventCountry "CAN"]

1. d4 Nf6 2. Nf3 g6 3. Bf4 Bg7 4. e3 d6 5. h3 O-O 6. Be2 Nbd7 7. O-O b6 8. c3
Bb7 9. Nbd2 Re8 10. a4 a5 11. Nc4 Nd5 12. Bh2 e5 13. Re1 e4 14. Nfd2 f5 15. Nf1
Nf8 16. Qb3 Kh8 17. Ncd2 Qg5 18. c4 Ne7 19. c5 Nc8 20. cxb6 Nxb6 21. Bxd6 Bd5
22. Bf4 Qxf4 23. exf4 Bxb3 24. Nxb3 Ne6 25. Red1 Nxf4 26. Bb5 Red8 27. Ne3 Ra7
28. Kf1 Rd6 29. Nc4 Nxc4 30. Bxc4 Rc6 31. Rac1 Rb6 32. Bb5 Rd6 1/2-1/2

[Event "NAYCC U16"]
[Site "Kingston CAN"]
[Date "2019.08.19"]
[Round "8.171"]
[White "Pride, Curtis"]
[Black "Mart, Aidan"]
[Result "1/2-1/2"]
[WhiteElo "1162"]
[BlackElo "1247"]
[PlyCount "49"]
[EventDate "2019.08.16"]
[EventType "swiss"]
[EventRounds "9"]
[EventCountry "CAN"]

1. e4 e5 2. Nc3 Nc6 3. Nf3 Nf6 4. Bc4 Bc5 5. Nxe5 Nxe5 6. d4 Bxd4 7. Qxd4 Nc6
8. Qd3 O-O 9. Bg5 Qe7 10. Bxf6 Qxf6 11. Nd5 Qxb2 12. O-O Nb4 13. Qb3 Qxb3 14.
cxb3 Nxd5 15. exd5 d6 16. Rfe1 Bf5 17. f3 Rfe8 18. g4 Bg6 19. h4 f6 20. Rxe8+
Rxe8 21. Bb5 Re5 22. Rd1 a6 23. f4 Re4 24. Bd7 Rxf4 25. Rc1 1/2-1/2

[Event "NAYCC U16"]
[Site "Kingston CAN"]
[Date "2019.08.20"]
[Round "9.154"]
[White "Talukdar, Rohan"]
[Black "Shlyakhtenko, Robert"]
[Result "1/2-1/2"]
[WhiteElo "2399"]
[BlackElo "2196"]
[PlyCount "56"]
[EventDate "2019.08.16"]
[EventType "swiss"]
[EventRounds "9"]
[EventCountry "CAN"]

1. e4 c5 2. Nf3 e6 3. d4 cxd4 4. Nxd4 a6 5. Nc3 Qc7 6. Bd3 Nf6 7. f4 b5 8. e5
b4 9. Na4 Nd5 10. Be4 Bb7 11. O-O g6 12. a3 d6 13. exd6 Bxd6 14. axb4 Nd7 15.
Bxd5 Bxd5 16. b3 Bxb4 17. Bb2 O-O 18. c4 Bb7 19. Nc2 Be7 20. Ne3 Bf6 21. Bxf6
Nxf6 22. Qd4 Ne4 23. Ng4 f6 24. Qb6 Qxb6+ 25. Nxb6 Rad8 26. Rfd1 h5 27. Nf2 Nc3
28. Rd7 Rb8 1/2-1/2

[Event "NAYCC U16"]
[Site "Kingston CAN"]
[Date "2019.08.20"]
[Round "9.155"]
[White "Rodrigue-Lemieux, Shawn"]
[Black "Liang, Dustin"]
[Result "1/2-1/2"]
[WhiteElo "2199"]
[BlackElo "1885"]
[PlyCount "56"]
[EventDate "2019.08.16"]
[EventType "swiss"]
[EventRounds "9"]
[EventCountry "CAN"]

1. e4 c5 2. Nf3 d6 3. d4 cxd4 4. Qxd4 Nf6 5. Nc3 Nc6 6. Bb5 Bd7 7. Bxc6 Bxc6 8.
Bg5 e6 9. O-O-O Be7 10. Qd3 Qa5 11. Bd2 Qh5 12. Nd4 O-O 13. f3 d5 14. exd5 Bxd5
15. g4 Qg6 16. Qe2 Rfd8 17. h4 h5 18. gxh5 Qxh5 19. Rdg1 Nh7 20. Bg5 Bf6 21.
Bxf6 Nxf6 22. Rg5 Qh6 23. Nxd5 Rxd5 24. Qd2 Rad8 25. Rxd5 Qxd2+ 26. Kxd2 Nxd5
27. c3 Kh7 28. a3 Kh6 1/2-1/2

[Event "NAYCC U16"]
[Site "Kingston CAN"]
[Date "2019.08.20"]
[Round "9.156"]
[White "Yang, Kevin"]
[Black "Chen, Alex"]
[Result "0-1"]
[WhiteElo "2164"]
[BlackElo "2034"]
[PlyCount "100"]
[EventDate "2019.08.16"]
[EventType "swiss"]
[EventRounds "9"]
[EventCountry "CAN"]

1. Nf3 d5 2. g3 Nd7 3. Bg2 e5 4. d3 Ngf6 5. c4 c6 6. Qc2 Bd6 7. O-O O-O 8. Nh4
Re8 9. e4 dxe4 10. dxe4 b6 11. Rd1 Qc7 12. Nc3 a5 13. Bh3 Nc5 14. Nf5 Bf8 15.
Bg5 Nfd7 16. Rd2 Ne6 17. Be3 g6 18. Nh4 Bc5 19. Bxe6 Rxe6 20. Rad1 Re8 21. Na4
Bxe3 22. fxe3 Nf8 23. c5 b5 24. Nb6 Rb8 25. a4 Bg4 26. Rf1 Nd7 27. axb5 Nxb6
28. cxb6 Rxb6 29. bxc6 Rxc6 30. Qa4 Rc8 31. Rdf2 Bh3 32. Ng2 Rc2 33. Qb3 a4 34.
Qd5 Rxf2 35. Rxf2 Be6 36. Qb5 Bb3 37. h3 Rb8 38. Qa6 Rd8 39. Kh2 Rd1 40. Qa8+
Kg7 41. Qe8 Be6 42. Qxa4 Qc1 43. g4 Rh1+ 44. Kg3 Qg1 45. Qa5 Qh2+ 46. Kf3 Qxh3+
47. Ke2 Qxg4+ 48. Kd3 Qd1+ 49. Qd2 Qb3+ 50. Qc3 Bc4+ 0-1

[Event "NAYCC U16"]
[Site "Kingston CAN"]
[Date "2019.08.20"]
[Round "9.157"]
[White "Zhao, Ian"]
[Black "Vasic, Maxim"]
[Result "1-0"]
[WhiteElo "2210"]
[BlackElo "1852"]
[PlyCount "43"]
[EventDate "2019.08.16"]
[EventType "swiss"]
[EventRounds "9"]
[EventCountry "CAN"]

1. e4 e5 2. Nf3 Nc6 3. Bc4 Bc5 4. O-O Nf6 5. d3 O-O 6. h3 d6 7. c3 Be6 8. Nbd2
Bb6 9. a4 d5 10. exd5 Nxd5 11. Re1 Nf4 12. Nxe5 Qh4 13. d4 Nxg2 14. Ndf3 Qh5
15. Kxg2 Qxh3+ 16. Kg1 Bxc4 17. Nxc4 Rae8 18. Rxe8 Rxe8 19. Ng5 Qf5 20. Be3 h6
21. Qf3 Qg6 22. Qxf7+ 1-0

[Event "NAYCC U16"]
[Site "Kingston CAN"]
[Date "2019.08.20"]
[Round "9.158"]
[White "Wang, Henry"]
[Black "Maycock Bates, David Henry"]
[Result "1/2-1/2"]
[WhiteElo "2001"]
[BlackElo "1851"]
[PlyCount "177"]
[EventDate "2019.08.16"]
[EventType "swiss"]
[EventRounds "9"]
[EventCountry "CAN"]

1. c4 e5 2. g3 Nf6 3. Bg2 d5 4. cxd5 Nxd5 5. Nc3 Be6 6. Nf3 Nc6 7. O-O Bc5 8.
Nxe5 Nxe5 9. d4 Bb4 10. Nxd5 Bxd5 11. Bxd5 Qxd5 12. dxe5 O-O-O 13. Qa4 Qa5 14.
Qb3 Rd5 15. Bf4 Rhd8 16. e4 R5d7 17. e6 fxe6 18. Qxe6 Kb8 19. a3 Bd6 20. b4 Qh5
21. Rad1 Qe8 22. Qxe8 Rxe8 23. e5 g5 24. Bxg5 Rxe5 25. Rfe1 Rxe1+ 26. Rxe1 b5
27. Rd1 Rf7 28. Rd5 a6 29. Be3 Re7 30. h4 Bxg3 31. Bg5 Re1+ 32. Kg2 Bd6 33. f4
Kc8 34. Kf3 Kd7 35. Rf5 h6 36. Bxh6 Ke6 37. Rh5 Ra1 38. f5+ Kf6 39. Be3 Rxa3
40. Ke4 Kf7 41. Bd4 a5 42. f6 axb4 43. Kd5 Rd3 44. Rh7+ Kg8 45. Rg7+ Kf8 46.
Ke4 Rh3 47. Rh7 Kg8 48. Rg7+ Kf8 49. Rg4 c5 50. Ba1 Rh1 51. Bb2 Rh2 52. Bc1 b3
53. Kf5 Re2 54. Bh6+ Ke8 55. Rg7 b2 56. f7+ Kd8 57. Rg1 c4 58. Rd1 Kc7 59. Kg6
Rf2 60. Bg7 b4 61. Bxb2 Rxb2 62. Rxd6 Rg2+ 63. Kh5 Rf2 64. Rd4 Rxf7 65. Rxc4+
Kd6 66. Rxb4 Rg7 67. Kh6 Rg1 68. Re4 Kd5 69. Re8 Kd6 70. h5 Kd7 71. Re4 Rg2 72.
Kh7 Rg1 73. h6 Rg2 74. Kh8 Rg1 75. h7 Rg2 76. Ra4 Ke7 77. Ra8 Kf7 78. Rg8 Ra2
79. Rb8 Rg2 80. Rb3 Rg1 81. Rf3+ Ke7 82. Rh3 Kf7 83. Ra3 Rg2 84. Ra8 Rg1 85.
Rg8 Ra1 86. Rg7+ Kf8 87. Rb7 Rg1 88. Rb8+ Kf7 89. Rf8+ 1/2-1/2

[Event "NAYCC U16"]
[Site "Kingston CAN"]
[Date "2019.08.20"]
[Round "9.159"]
[White "Tinica, Gabriel"]
[Black "Chen, Benjamin"]
[Result "0-1"]
[WhiteElo "1776"]
[BlackElo "1972"]
[PlyCount "52"]
[EventDate "2019.08.16"]
[EventType "swiss"]
[EventRounds "9"]
[EventCountry "CAN"]

1. d4 d5 2. Bf4 Nf6 3. e3 e6 4. Nf3 Bd6 5. Bg3 O-O 6. Nbd2 b6 7. Bd3 Ba6 8. Qe2
Bxd3 9. Qxd3 Nbd7 10. c3 Qe7 11. O-O-O c5 12. Ne5 Rfc8 13. f4 Rab8 14. Bh4 Qe8
15. g4 b5 16. g5 Nh5 17. Qe2 g6 18. Kb1 c4 19. Be1 b4 20. Nf1 bxc3 21. Bxc3 Nb6
22. Ng3 Na4 23. Rc1 Ng7 24. Ng4 Qb5 25. Nf6+ Kh8 26. Qg2 Ba3 0-1

[Event "NAYCC U16"]
[Site "Kingston CAN"]
[Date "2019.08.20"]
[Round "9.160"]
[White "Surya, Benito"]
[Black "Du, Daniel"]
[Result "1/2-1/2"]
[WhiteElo "1920"]
[BlackElo "1695"]
[PlyCount "64"]
[EventDate "2019.08.16"]
[EventType "swiss"]
[EventRounds "9"]
[EventCountry "CAN"]

1. e4 e6 2. Nf3 d5 3. e5 c5 4. b4 cxb4 5. a3 Nc6 6. axb4 Bxb4 7. c3 Be7 8. d4
Bd7 9. Bd3 a6 10. O-O b5 11. Bf4 Qb6 12. Qe2 Na5 13. Qa2 Nc4 14. Nbd2 f6 15.
Rfb1 fxe5 16. Nxe5 Nxe5 17. Bxe5 Bf6 18. Nf3 Bxe5 19. Nxe5 Nf6 20. Nxd7 Kxd7
21. Rb3 Rhc8 22. Ra3 Ke7 23. Qb1 Qd6 24. Bxb5 Rcb8 25. Ra5 Ne4 26. Qd3 Qf4 27.
f3 axb5 28. Rxa8 Rxa8 29. Rxa8 Qc1+ 30. Qf1 Qe3+ 31. Kh1 Nf2+ 32. Kg1 Nh3+
1/2-1/2

[Event "NAYCC U16"]
[Site "Kingston CAN"]
[Date "2019.08.20"]
[Round "9.161"]
[White "Xiao, Edward"]
[Black "Yang, Fan"]
[Result "0-1"]
[WhiteElo "1831"]
[BlackElo "2012"]
[PlyCount "124"]
[EventDate "2019.08.16"]
[EventType "swiss"]
[EventRounds "9"]
[EventCountry "CAN"]

1. d4 d5 2. Bf4 Nf6 3. e3 e6 4. Nd2 Bd6 5. Bg3 b6 6. Bd3 Bb7 7. Ngf3 O-O 8. Ne5
c5 9. c3 Qc7 10. f4 Nbd7 11. Qf3 a5 12. Bh4 Ba6 13. Qe2 Bxd3 14. Qxd3 cxd4 15.
exd4 b5 16. Bxf6 Nxf6 17. O-O Rab8 18. Rfc1 Rfc8 19. Rc2 g6 20. Rac1 Nd7 21.
Nxd7 Qxd7 22. g3 Rb7 23. Nf3 b4 24. cxb4 Rxc2 25. Qxc2 Rxb4 26. Qc8+ Qxc8 27.
Rxc8+ Kg7 28. b3 a4 29. Rc3 Kf6 30. Kf2 h6 31. Ke3 g5 32. fxg5+ hxg5 33. g4
axb3 34. axb3 Rb8 35. Kf2 Rb6 36. h3 Kg6 37. Ne5+ Bxe5 38. dxe5 Rb4 39. Rd3 f6
40. exf6 Kxf6 41. Rf3+ Ke5 42. Re3+ Kd6 43. Ke2 d4 44. Rf3 Kd5 45. Kd2 Ke4 46.
Ke2 e5 47. Rd3 Rb6 48. Rf3 Ra6 49. Rf5 Ra2+ 50. Kd1 d3 51. Rxg5 Kd4 52. Rg8 Ke3
53. Kc1 d2+ 54. Kb1 Ra5 55. Rd8 Ke2 56. g5 d1=Q+ 57. Rxd1 Kxd1 58. g6 e4 59. h4
e3 60. g7 Ra8 61. h5 e2 62. h6 e1=Q 0-1

[Event "NAYCC U16"]
[Site "Kingston CAN"]
[Date "2019.08.20"]
[Round "9.162"]
[White "Chin, Jonathan"]
[Black "Yang, Brian"]
[Result "1-0"]
[WhiteElo "1921"]
[BlackElo "1626"]
[PlyCount "77"]
[EventDate "2019.08.16"]
[EventType "swiss"]
[EventRounds "9"]
[EventCountry "CAN"]

1. e4 c5 2. Nf3 e6 3. d4 cxd4 4. Nxd4 a6 5. c4 Nf6 6. Nc3 Qc7 7. a3 b6 8. Be3
Bb7 9. f3 d6 10. Be2 Be7 11. O-O O-O 12. b4 b5 13. Ndxb5 axb5 14. Nxb5 Qd7 15.
Qb3 Rd8 16. a4 Na6 17. Rfd1 d5 18. e5 dxc4 19. Rxd7 cxb3 20. Rxe7 Nd5 21. Rxb7
Nxe3 22. Nd6 Nxb4 23. Rb1 Rxa4 24. Rxb3 Nbd5 25. Nxf7 Ra1+ 26. Kf2 Rf8 27. Ng5
Nf5 28. Nxe6 Re8 29. Ng5 h6 30. Rb8 Ra8 31. Rxe8+ Rxe8 32. Bc4 hxg5 33. Bxd5+
Kh8 34. Be4 g6 35. Bxf5 gxf5 36. Rb5 Kg7 37. f4 g4 38. Rb6 Rf8 39. Kg3 1-0

[Event "NAYCC U16"]
[Site "Kingston CAN"]
[Date "2019.08.20"]
[Round "9.163"]
[White "Ramesh, Sanjay"]
[Black "Ahmed, Syed Ibrahim"]
[Result "0-1"]
[WhiteElo "1531"]
[BlackElo "1815"]
[PlyCount "82"]
[EventDate "2019.08.16"]
[EventType "swiss"]
[EventRounds "9"]
[EventCountry "CAN"]

1. d4 d5 2. c4 dxc4 3. Nf3 Nf6 4. Nc3 a6 5. a4 Bf5 6. e3 e6 7. Bxc4 Bb4 8. O-O
Nbd7 9. Ne2 c5 10. Bd2 Bxd2 11. Qxd2 Ne4 12. Qd1 Bg4 13. Nd2 Nd6 14. f3 Bh5 15.
Nf4 Bg6 16. Bxe6 fxe6 17. Nxe6 Qb6 18. dxc5 Nxc5 19. a5 Qc6 20. Rc1 Nxe6 21.
Rxc6 bxc6 22. Qb3 Bf7 23. Qb6 O-O 24. Qxc6 Rfd8 25. Ne4 Nxe4 26. Qxe4 Rac8 27.
Qb1 Rd2 28. Rf2 Rd5 29. b4 Rcd8 30. Qc2 Bg6 31. e4 R5d6 32. Qc4 Bf7 33. Qc3 Nf4
34. h3 h5 35. Qe5 Nd3 36. Qf5 Nxf2 37. Kxf2 Rd2+ 38. Kg3 h4+ 39. Kxh4 Rxg2 40.
e5 Re8 41. f4 Re6 0-1

[Event "NAYCC U16"]
[Site "Kingston CAN"]
[Date "2019.08.20"]
[Round "9.164"]
[White "Wei, Daniel"]
[Black "Wang, Elon"]
[Result "1-0"]
[WhiteElo "1788"]
[BlackElo "1601"]
[PlyCount "53"]
[EventDate "2019.08.16"]
[EventType "swiss"]
[EventRounds "9"]
[EventCountry "CAN"]

1. e4 d6 2. d4 Nf6 3. Nc3 g6 4. f4 Bg7 5. Nf3 O-O 6. e5 Nfd7 7. Ne4 d5 8. Ng3
c5 9. c3 e6 10. Bd3 Nc6 11. h4 Qb6 12. Bb1 cxd4 13. cxd4 Qb4+ 14. Kf2 Nb6 15.
h5 Nc4 16. hxg6 hxg6 17. b3 Qc3 18. bxc4 Qxa1 19. Ba3 dxc4 20. Qc1 c3 21. Qg1
c2 22. Qh2 f5 23. Qh7+ Kf7 24. Bxc2 Rh8 25. Ng5+ Ke8 26. Qxg6+ Kd8 27. Rxa1 1-0

[Event "NAYCC U16"]
[Site "Kingston CAN"]
[Date "2019.08.20"]
[Round "9.165"]
[White "Chen, Andrew"]
[Black "Bilodeau-Savaria, Carl-William"]
[Result "1-0"]
[WhiteElo "2034"]
[BlackElo "1447"]
[PlyCount "81"]
[EventDate "2019.08.16"]
[EventType "swiss"]
[EventRounds "9"]
[EventCountry "CAN"]

1. e4 c5 2. Nc3 e6 3. g3 d5 4. exd5 exd5 5. Bg2 Nf6 6. d3 Be7 7. Nh3 Be6 8. Nf4
Nc6 9. O-O O-O 10. Re1 Qd7 11. Nxe6 fxe6 12. Bh3 Nd8 13. Qe2 Kf7 14. Bf4 Rc8
15. g4 h6 16. g5 hxg5 17. Bxg5 Rh8 18. Qf3 Rc7 19. Re2 Rc6 20. Rae1 Rh5 21.
Bxf6 Rxh3 22. Qxh3 Bxf6 23. Qh5+ Kg8 24. f4 Nf7 25. Qh3 Nd8 26. Nd1 c4 27. c3
d4 28. dxc4 dxc3 29. b3 Rd6 30. Ne3 Rd2 31. Qf3 Qd3 32. Rxd2 cxd2 33. Rd1 Bd4
34. Kf2 Nf7 35. Qe2 Qh7 36. Kg3 Nd6 37. Qg4 Qe4 38. Nf1 Nf5+ 39. Kh3 Nh6 40.
Nxd2 Qd3+ 41. Qf3 1-0

[Event "NAYCC U16"]
[Site "Kingston CAN"]
[Date "2019.08.20"]
[Round "9.166"]
[White "Ju, Lawrence"]
[Black "Liao, Joseph"]
[Result "0-1"]
[WhiteElo "1764"]
[BlackElo "1694"]
[PlyCount "76"]
[EventDate "2019.08.16"]
[EventType "swiss"]
[EventRounds "9"]
[EventCountry "CAN"]

1. d4 e6 2. c4 Nf6 3. Nc3 Bb4 4. Nf3 b6 5. a3 Bxc3+ 6. bxc3 O-O 7. Bg5 Bb7 8.
e3 d6 9. Bd3 Nbd7 10. Qc2 h6 11. Bh4 Re8 12. O-O c5 13. Nd2 Qc7 14. Rac1 e5 15.
d5 Ba6 16. f4 Ng4 17. Rf3 Ngf6 18. Rcf1 e4 19. Nxe4 Nxe4 20. Bxe4 Bxc4 21. R1f2
Qb7 22. f5 Bxd5 23. Bxd5 Qxd5 24. f6 Ne5 25. Rg3 g6 26. Rf5 Qd3 27. Qxd3 Nxd3
28. Rh5 Kh7 29. Rxh6+ Kxh6 30. Bg5+ Kh5 31. h4 Re4 32. Kh2 Rae8 33. Kh3 Nf2+
34. Kh2 Ng4+ 35. Kh3 Rxe3 36. Bxe3 Rxe3 37. Rxe3 Nxe3 38. a4 g5 0-1

[Event "NAYCC U16"]
[Site "Kingston CAN"]
[Date "2019.08.20"]
[Round "9.167"]
[White "Jeyakumar, Yathushan"]
[Black "Parsheh, Arshia"]
[Result "1/2-1/2"]
[WhiteElo "1442"]
[BlackElo "1608"]
[PlyCount "86"]
[EventDate "2019.08.16"]
[EventType "swiss"]
[EventRounds "9"]
[EventCountry "CAN"]

1. e4 e6 2. d4 d5 3. Nd2 Nf6 4. e5 Nfd7 5. Ngf3 c5 6. c3 Nc6 7. Be2 Qb6 8. Qb3
cxd4 9. Qxb6 axb6 10. cxd4 f6 11. exf6 Nxf6 12. a3 Bd6 13. b4 Nxb4 14. Kd1 Ng4
15. Rf1 Bd7 16. Nb3 Nc6 17. h3 Nf6 18. Bb2 Na5 19. Nxa5 Rxa5 20. Bd3 Ke7 21.
Ke2 Rha8 22. Rfb1 b5 23. Ne5 Be8 24. Rc1 b6 25. Nc6+ Bxc6 26. Rxc6 Nd7 27. Bxh7
b4 28. Bc1 b5 29. Bg5+ Nf6 30. Rc2 bxa3 31. Rca2 b4 32. Bc2 Kf7 33. f3 Nd7 34.
Bb3 Nb8 35. Rc1 R8a7 36. Bd2 R7a6 37. f4 Nc6 38. Kd3 Rb6 39. Rac2 Raa6 40. f5
Na5 41. fxe6+ Kxe6 42. Re1+ Kd7 43. Bxd5 Bg3 1/2-1/2

[Event "NAYCC U16"]
[Site "Kingston CAN"]
[Date "2019.08.20"]
[Round "9.168"]
[White "Wang, Alex"]
[Black "Cao, Bruce"]
[Result "0-1"]
[WhiteElo "770"]
[BlackElo "1359"]
[PlyCount "48"]
[EventDate "2019.08.16"]
[EventType "swiss"]
[EventRounds "9"]
[EventCountry "CAN"]

1. e4 c5 2. Nf3 d6 3. d4 cxd4 4. Nxd4 Nc6 5. Nc3 g6 6. Be3 Bg7 7. Qd2 Bd7 8.
Bc4 Nxd4 9. Bxd4 Nf6 10. f3 a6 11. a3 O-O 12. g4 Qc7 13. Bb3 e5 14. Be3 Bc6 15.
Bh6 Rad8 16. Bxg7 Kxg7 17. g5 Nh5 18. O-O-O b5 19. Bd5 Bd7 20. Bb3 Be6 21. Bd5
Qb6 22. Rhf1 a5 23. Qe2 b4 24. Qb5 Qe3+ 0-1

[Event "NAYCC U16"]
[Site "Kingston CAN"]
[Date "2019.08.20"]
[Round "9.169"]
[White "Lam, Eric"]
[Black "Vigil, Enrique"]
[Result "1-0"]
[WhiteElo "1093"]
[BlackElo "1003"]
[PlyCount "65"]
[EventDate "2019.08.16"]
[EventType "swiss"]
[EventRounds "9"]
[EventCountry "CAN"]

1. e4 c5 2. c3 Nc6 3. d4 cxd4 4. cxd4 d5 5. e5 f6 6. Nc3 fxe5 7. dxe5 d4 8. Ne4
Nxe5 9. Bb5+ Nd7 10. Qxd4 Qa5+ 11. Nc3 a6 12. Ba4 b5 13. Bb3 Bb7 14. Nf3 Bxf3
15. gxf3 e5 16. Qd5 Rc8 17. Bg5 Ngf6 18. Qf7+ Kd8 19. Rd1 Be7 20. Qxg7 Rf8 21.
O-O Rxc3 22. bxc3 Qxc3 23. Be6 Qb4 24. Bxf6 Rxf6 25. Rxd7+ Ke8 26. Bg4 Rg6 27.
Qh8+ Rg8 28. Qxg8+ Bf8 29. Qe6+ Be7 30. Rfd1 Qd6 31. R1xd6 Kf8 32. Qxe7+ Kg8
33. Qg7# 1-0

[Event "NAYCC U16"]
[Site "Kingston CAN"]
[Date "2019.08.20"]
[Round "9.170"]
[White "Ning, Alwin"]
[Black "Pride, Curtis"]
[Result "1-0"]
[WhiteElo "1476"]
[BlackElo "1163"]
[PlyCount "115"]
[EventDate "2019.08.16"]
[EventType "swiss"]
[EventRounds "9"]
[EventCountry "CAN"]

1. e4 e5 2. Nf3 Nc6 3. Bc4 Nf6 4. d3 h6 5. O-O Bc5 6. Nc3 d6 7. h3 O-O 8. Na4
Bd4 9. c3 Bb6 10. Nxb6 axb6 11. Re1 Na5 12. Bb5 c6 13. Ba4 Be6 14. b4 b5 15.
Bc2 Nb3 16. Bxb3 Bxb3 17. Qxb3 Re8 18. Qc2 c5 19. Rb1 b6 20. bxc5 dxc5 21. Rxb5
Qc7 22. Be3 Re6 23. Reb1 Ra6 24. Nh4 c4 25. dxc4 Qxc4 26. R5b4 Qxa2 27. Qxa2
Rxa2 28. Bxb6 Ra3 29. Rc1 Rc6 30. Nf3 Nxe4 31. Rxe4 Rxb6 32. Rxe5 g5 33. c4 f6
34. Re7 Rb8 35. c5 Kf8 36. Rd7 Rc8 37. c6 Raa8 38. c7 Ke8 39. Rh7 Ra7 40. Rxh6
Rcxc7 41. Rxc7 Rxc7 42. Rxf6 Rc1+ 43. Kh2 Ke7 44. Rg6 Rc2 45. Kg3 Rc3 46. Rxg5
Kf6 47. Ra5 Kg6 48. h4 Kh6 49. h5 Rc6 50. Kh4 Rc4+ 51. g4 Rf4 52. Ra6+ Kh7 53.
Ng5+ Kg7 54. h6+ Kf8 55. h7 Rxf2 56. h8=Q+ Ke7 57. Qg7+ Kd8 58. Ra8# 1-0

[Event "NAYCC U16"]
[Site "Kingston CAN"]
[Date "2019.08.20"]
[Round "9.171"]
[White "Mart, Aidan"]
[Black "Kochetkov, Maxim"]
[Result "0-1"]
[WhiteElo "1247"]
[BlackElo "1416"]
[PlyCount "54"]
[EventDate "2019.08.16"]
[EventType "swiss"]
[EventRounds "9"]
[EventCountry "CAN"]

1. e4 c5 2. Nf3 d6 3. d4 cxd4 4. Nxd4 Nf6 5. Nc3 a6 6. Bd3 e6 7. O-O Nbd7 8.
Be3 b5 9. a3 Bb7 10. b4 Rc8 11. Nde2 Ne5 12. Re1 Nc4 13. Qc1 Nxe3 14. Qxe3 Be7
15. h3 O-O 16. a4 bxa4 17. Rxa4 Rc6 18. b5 axb5 19. Bxb5 Rc8 20. Ba6 Bxa6 21.
Rxa6 Nd7 22. Nd4 Ne5 23. f4 Nc4 24. Qd3 Qd7 25. Ra2 Bf6 26. Nce2 Qb7 27. Kh2
Rfe8 0-1

[Event "NAYCC U16 w"]
[Site "Kingston CAN"]
[Date "2019.08.16"]
[Round "1.170"]
[White "He, Emma"]
[Black "Su, Carah"]
[Result "1-0"]
[WhiteElo "1808"]
[BlackElo "1494"]
[PlyCount "125"]
[EventDate "2019.08.16"]
[EventType "swiss"]
[EventRounds "9"]
[EventCountry "CAN"]

1. e4 e5 2. Nf3 Nc6 3. Bc4 Bc5 4. c3 Nf6 5. d3 O-O 6. Nbd2 Bb6 7. Bb3 d6 8. Nc4
Ne7 9. O-O Ng6 10. Re1 c6 11. a4 Bc7 12. d4 Bg4 13. h3 Bd7 14. Bc2 Re8 15. b3
h6 16. Ba3 Be6 17. dxe5 dxe5 18. Nd6 Bxd6 19. Bxd6 Bd7 20. b4 Nh7 21. Bb3 Ng5
22. a5 Be6 23. Bxe6 Rxe6 24. Bc5 Qxd1 25. Raxd1 Nxf3+ 26. gxf3 Nf8 27. Rd2 a6
28. Red1 Rae8 29. Rd8 f6 30. Kf1 Kf7 31. Ke2 Rxd8 32. Rxd8 Re8 33. Rd2 Re6 34.
Kd1 Ke8 35. Kc2 Nd7 36. Be3 Ke7 37. c4 Rd6 38. f4 Rxd2+ 39. Kxd2 Ke6 40. f5+
Kd6 41. f4 Ke7 42. Kc3 Kd6 43. Kd3 Ke7 44. fxe5 fxe5 45. Bf2 Kf7 46. Bg3 Kf6
47. Bh4+ Kf7 48. Kc3 Nf6 49. Bxf6 Kxf6 50. b5 c5 51. h4 g5 52. bxa6 bxa6 53.
hxg5+ Kxg5 54. Kd3 h5 55. Ke3 Kf6 56. Kf3 Kg5 57. Kg3 Kh6 58. Kh4 Kg7 59. Kxh5
Kf6 60. Kh6 Kf7 61. Kg5 Kg7 62. f6+ Kf7 63. Kf5 1-0

[Event "NAYCC U16 w"]
[Site "Kingston CAN"]
[Date "2019.08.16"]
[Round "1.171"]
[White "Zhang, Michelle"]
[Black "Zhou, Iris"]
[Result "0-1"]
[WhiteElo "1466"]
[BlackElo "1794"]
[PlyCount "74"]
[EventDate "2019.08.16"]
[EventType "swiss"]
[EventRounds "9"]
[EventCountry "CAN"]

1. e4 c5 2. Nf3 d6 3. d4 Nf6 4. Nc3 cxd4 5. Nxd4 Nc6 6. Be2 e5 7. Nb3 Be6 8.
Be3 Be7 9. O-O O-O 10. Qd2 a5 11. Bb5 Na7 12. Bd3 d5 13. exd5 Nxd5 14. Nxd5
Bxd5 15. Nxa5 Nc8 16. Nb3 f5 17. Rfd1 f4 18. Bc5 b6 19. Bxe7 Nxe7 20. f3 Qe8
21. Qe2 Qh5 22. Bc4 Bxc4 23. Qxc4+ Kh8 24. Qc7 Ng6 25. Rd5 Rac8 26. Qxb6 Rxc2
27. Rd8 Rxg2+ 28. Kxg2 Qg5+ 29. Kf2 Rxd8 30. a4 e4 31. fxe4 f3 32. Rg1 Qh4+ 33.
Kxf3 Ne5+ 34. Ke3 Rd3+ 35. Ke2 Qxe4+ 36. Kf2 Qf3+ 37. Ke1 Rd1# 0-1

[Event "NAYCC U16 w"]
[Site "Kingston CAN"]
[Date "2019.08.16"]
[Round "1.172"]
[White "Cui, Cynthia"]
[Black "Wang, Isabelle"]
[Result "1-0"]
[WhiteElo "1783"]
[BlackElo "1439"]
[PlyCount "113"]
[EventDate "2019.08.16"]
[EventType "swiss"]
[EventRounds "9"]
[EventCountry "CAN"]

1. c4 e6 2. Nc3 Nf6 3. e4 e5 4. Nf3 d6 5. d4 Nbd7 6. Be2 Be7 7. O-O O-O 8. Ne1
c5 9. d5 Re8 10. f4 exf4 11. Bxf4 Bf8 12. Qd3 a6 13. Qg3 Qb6 14. Bg5 Kh8 15.
Nd3 Qc7 16. Nf2 h6 17. Bd2 Ne5 18. Nfd1 Ng6 19. Bxh6 Nxe4 20. Nxe4 Rxe4 21. Bd3
Rg4 22. Qe3 gxh6 23. Nf2 Rg5 24. Ne4 Re5 25. Qf3 Rf5 26. Qg3 Rxf1+ 27. Rxf1 Ne5
28. Nf6 Ng6 29. Nh5 Bg7 30. Bxg6 fxg6 31. Qxg6 Qe7 32. Nxg7 Bd7 33. Qxh6+ Kg8
34. Nh5 Rf8 35. Nf6+ Rxf6 36. Qxf6 Qe3+ 37. Kh1 Be8 38. Qxd6 Bf7 39. Qg3+ Qxg3
40. hxg3 b5 41. Rxf7 Kxf7 42. b3 Kf6 43. Kg1 Ke5 44. Kf2 bxc4 45. bxc4 a5 46.
Ke3 a4 47. a3 Kf5 48. g4+ Kxg4 49. d6 Kf5 50. d7 Ke6 51. d8=Q Kf5 52. g4+ Kg6
53. Kf4 Kf7 54. Kf5 Kg7 55. Qe7+ Kh8 56. Kg6 Kg8 57. Qg7# 1-0

[Event "NAYCC U16 w"]
[Site "Kingston CAN"]
[Date "2019.08.16"]
[Round "1.173"]
[White "Benito de Leo, Estefania"]
[Black "Chan, Alison"]
[Result "1-0"]
[WhiteElo "1431"]
[BlackElo "1373"]
[PlyCount "143"]
[EventDate "2019.08.16"]
[EventType "swiss"]
[EventRounds "9"]
[EventCountry "CAN"]

1. e4 e5 2. Nf3 Nc6 3. Bc4 Bc5 4. c3 Nf6 5. d3 O-O 6. O-O d5 7. exd5 Nxd5 8.
Re1 Qd6 9. Nbd2 Nf6 10. b4 Bb6 11. a4 a6 12. Ba3 Qd8 13. b5 Ng4 14. Re2 Ne7 15.
Nxe5 Bxf2+ 16. Rxf2 Nxe5 17. Qe2 N5g6 18. Raf1 axb5 19. Bxf7+ Kh8 20. Bxe7 Nxe7
21. axb5 Bd7 22. c4 Ng8 23. Ne4 Nh6 24. Qh5 Bg4 25. Qd5 Qxd5 26. Bxd5 Rxf2 27.
Rxf2 Rb8 28. Nc5 b6 29. Na6 Rc8 30. Nxc7 Bf5 31. Na8 Bxd3 32. Nxb6 Re8 33. h3
Nf5 34. Kh2 Ne3 35. g4 Nxd5 36. Nxd5 Bxc4 37. Nc7 Rb8 38. Rb2 Kg8 39. Rb4 Bd3
40. Kg3 Kf7 41. Rb3 Bc4 42. Rb4 Bd3 43. Kf4 Kf6 44. Ke3 Bg6 45. b6 Ke5 46. Na6
Rb7 47. Nc5 Re7 48. b7 Kd5+ 49. Kd2 Kxc5 50. b8=Q Rd7+ 51. Kc1 Rd3 52. Qb6+ Kd5
53. Qa5+ Ke6 54. Rb6+ Ke7 55. Qa7+ Rd7 56. Rb7 Rxb7 57. Qxb7+ Kf6 58. Kd2 Kg5
59. Qxg7 Kh4 60. Qh6+ Kg3 61. Ke3 Bb1 62. Qf4+ Kh4 63. g5+ Kh5 64. Qg4+ Kg6 65.
h4 h5 66. gxh6+ Kxh6 67. h5 Kh7 68. Qg5 Kh8 69. h6 Bg6 70. Qe7 Bf7 71. Qf6+ Kg8
72. Qg7# 1-0